| 000 | 00340nam a22001457a 4500 | ||
|---|---|---|---|
| 003 | SGT | ||
| 020 | _a9788173912788 | ||
| 082 |
_a791.4 _bT98H |
||
| 100 | _astuart hyde | ||
| 245 | _atelevision and radio announcing | ||
| 250 | _a1ST | ||
| 260 |
_aNEW DELHI _bKANISHKA PUBLISHERS _c1998 |
||
| 650 | _aMASS COMMUNICATION | ||
| 942 |
_2ddc _cBK _02 |
||
| 999 |
_c12882 _d12882 |
||